000 00644nam a22001217a 4500
040 _cRUA
082 _aVEM KHE 2025 B705 Or.1
100 _aKHEN VITOU, ខេន វិទូ
245 _aCase Of Antibiotic Resistance Among Escherichia Coli Isolated From Piglets In Satr Pong Commune, Chhouk District, Kampot Province, ករណី Escherichia Coli ស៊ាំនឹងឳសថអង់ទីប៊ីយ៉ូទិកលើកូនជ្រូក នៅឃុំសត្វពង ស្រុកឈូក ខេត្តកំពត
260 _aPHNOM PENH
_bRUA
_c2025
300 _ax,44p.
_bill.
_c29cm,
942 _cសារណាបទ
999 _c25543
_d25543